Forma vstupu slovenského podniku na zahraničný trh bakalárska práca

Gespeichert in:
Bibliographische Detailangaben
1. Verfasser: Gogová, Adriána
Körperschaft: Fakulta podnikového manažmentu EU. Katedra manažmentu
Weitere Verfasser: Priečková, Katarína, 1983-
Format: Buch
Sprache:Slowakisch
Veröffentlicht: Bratislava 2018
Tags: Tag hinzufügen
Keine Tags, Fügen Sie das erste Tag hinzu!

MARC

LEADER 00000nbm a2200000 4500
001 0244695
005 20180918144216.2
041 0 |a slo 
044 |a SK 
245 1 0 |a Forma vstupu slovenského podniku na zahraničný trh  |b bakalárska práca  |c Adriána Gogová ; školiteľ: Katarína Procházková 
264 1 |a Bratislava  |c 2018 
300 |a 46 s. 
100 1 |a Gogová, Adriána 
700 1 |a Priečková, Katarína, 1983- 
710 2 |a Fakulta podnikového manažmentu EU. Katedra manažmentu